Современные методы нормирования расходов тепловой энергии и топлива; Энергосбережение; № 2

التفاصيل البيبلوغرافية
Parent link:Энергосбережение: специализированный журнал/ Ассоциация инженеров по отоплению, вентиляции, кондиционированию воздуха, теплоснабжению и строительной теплофизике (АВОК), ООО ИИП "АВОК-ПРЕСС".— , 2000-.— 1609-7505
№ 2.— 2003.— С. 26-27
المؤلف الرئيسي: Рожицкий Д. Б.
اللغة:الروسية
منشور في: 2003
سلاسل:Теплоснабжение
الموضوعات:
التنسيق: MixedMaterials فصل الكتاب
KOHA link:https://koha.lib.tpu.ru/cgi-bin/koha/opac-detail.pl?biblionumber=385912

MARC

LEADER 00000naa2a2200000 4500
001 385912
005 20231101063418.0
035 |a (RuTPU)RU\TPU\prd\14149 
090 |a 385912 
100 |a 20030522a2003 k y0rusy50 ca 
101 0 |a rus 
102 |a RU 
200 1 |a Современные методы нормирования расходов тепловой энергии и топлива  |f Д. Б. Рожицкий 
225 1 |a Теплоснабжение 
320 |a Библиогр.: 3 назв. 
461 1 |0 (RuTPU)RU\TPU\prd\913  |x 1609-7505  |t Энергосбережение  |o специализированный журнал  |f Ассоциация инженеров по отоплению, вентиляции, кондиционированию воздуха, теплоснабжению и строительной теплофизике (АВОК), ООО ИИП "АВОК-ПРЕСС"  |d 2000- 
463 1 |0 (RuTPU)RU\TPU\prd\13776  |t № 2  |v С. 26-27  |d 2003 
610 1 |a нормирование 
610 1 |a тепловая энергия 
610 1 |a топливо 
610 1 |a расход 
610 1 |a расходование 
610 1 |a экономия энергорессурсов 
610 1 |a нормы расхода 
700 1 |a Рожицкий  |b Д. Б. 
801 1 |a RU  |b 63413507  |c 20030522  |g PSBO 
801 2 |a RU  |b 63413507  |c 20120417  |g RCR 
942 |c BK